A Bowl of Broth / (Record no. 186818)
[ view plain ]
| 000 -LEADER | |
|---|---|
| fixed length control field | 00943 a2200169 4500 |
| 003 - CONTROL NUMBER IDENTIFIER | |
| control field | Nust |
| 005 - DATE AND TIME OF LATEST TRANSACTION | |
| control field | 20230120152913.0 |
| 040 ## - CATALOGING SOURCE | |
| Transcribing agency | Nust |
| 082 ## - DEWEY DECIMAL CLASSIFICATION NUMBER | |
| Classification number | 808.82,DOY |
| 100 ## - MAIN ENTRY--PERSONAL NAME | |
| Personal name | Doyle, Lynn |
| 9 (RLIN) | 107268 |
| 245 ## - TITLE STATEMENT | |
| Title | A Bowl of Broth / |
| Statement of responsibility, etc. | Lynn Doyle |
| 260 ## - PUBLICATION, DISTRIBUTION, ETC. | |
| Place of publication, distribution, etc. | London |
| Name of publisher, distributor, etc. | Duckworth |
| 300 ## - PHYSICAL DESCRIPTION | |
| Extent | 214:p |
| 505 ## - FORMATTED CONTENTS NOTE | |
| Formatted contents note | Introduction (Page-7), Strange Spirits (Page-9), Yellow-man and Oranges (Page-23), Pity (Page-33), Public Spirit (Page-38), Sham Fight (Page-48), St. Patrick and Lager Beer (Page-61), A Nice Little Bird (Page-73), Love and a Giant (Page-87), A Bowl of Broth (Page-96), A Close Shave (Page-106), Charity (Page-117), The Door (Page-131), Salvage (Page-136), The Burying of Mary Anne (Page-149,) Police Permission (Page-156), An Ould Siant (Page-165) De Martuis (Page-171) De Mortuis (Page-171) The Gold Chain (Page-180) prohibited Hours (Page-191), The Courting of Kezia (Page-202). |
| 650 ## - SUBJECT ADDED ENTRY--TOPICAL TERM | |
| Topical term or geographic name entry element | Stries |
| 9 (RLIN) | 107269 |
| 942 ## - ADDED ENTRY ELEMENTS (KOHA) | |
| Source of classification or shelving scheme | |
| Koha item type | Book |
| Withdrawn status | Lost status | Source of classification or shelving scheme | Damaged status | Not for loan | Permanent Location | Current Location | Shelving location | Date acquired | Full call number | Barcode | Date last seen | Price effective from | Koha item type | Public note |
|---|---|---|---|---|---|---|---|---|---|---|---|---|---|---|
| Military College of Signals (MCS) | Military College of Signals (MCS) | General Stacks | 12/12/2016 | 808.82,DOY | MCS30106 | 12/08/2016 | 12/12/2016 | Book | Almirah No.56, Shelf No.3 |
